000 02381nam a2200349 i 4500
003 DO-SdBNP
005 20260305073952.0
007 ta
008 181206s2014 dr co 000 0 spa d
020 _a9789945887983
040 _aDO-SdBNP
_bspa
_cBNPHU
_erda
041 1 7 _aspa
_heng
_cfre
082 4 _a303.44
_bM938g 2014
_222
100 1 _aMoya Pons, Frank,
_d1944-
_eautor
_4aut.
_92095
245 1 3 _aEl gran cambio = The great change = Le grand changement :
_bla transformación social y económica de la República Dominicana,1963-2013 = The great change : the social and economic transformation of the Dominican Republic, 1963-2013 = Le grand changement : la transformation sociale et économique de la Republique Dominicaine, 1963-2013 /
_cFrank Moya Pons ; edición fotografías, Jesús Rodríguez.
264 1 _aSanto Domingo :
_bBanco Popular,
_c2014.
300 _a385, 391 páginas :
_bretratos, fotografías ;
_c32, 44 cm.
336 _atexto
_btxt
_2rdacontent
337 _asin mediación
_bn
_2rdamedia
338 _avolumen
_bnc
_2rdacarrier
505 0 _aPresentación --
_tRaíces del cambio = Roots of change = Les origines du changement, pag. 29 --
_tEl crecimiento económico = Economic growth = La croissance economique, pag. 57 --
_tLa evolución demográfica = The demographic revolution = La revolution demographique, pag. 135 --
_tEl proceso de urbanización = The process of urbanization = Le proces d´urbanization, pag. 163 --
_tLos caminos y las comunicaciones = Roads and communication = Les chemins et la communication, pag. 193 --
_tLa nueva sociedad = The new society = La nouvelle societe, pag. 231 --
_tEl gran cambio, pag. 275 --
_tLas raíces del cambio : una revolución ignorada.
546 _aTexto en español, inglés y francés.
590 _aInventariado, 2024/ YL
650 7 _2LEMB
_aCambio social
_xHistoria
_zRepública Dominicana
_987884
651 _2LEMB
_aRepública Dominicana
_xCondiciones sociales
_y1961-
_97345
651 _2LEMB
_aRepública Dominicana
_xCondiciones económicas
_y1961-
_97344
700 1 _aRodríguez, Jesús,
_efotografías
_961577
_4fot.
740 0 _aThe great change : the social and economic transformation of the Dominican Republic, 1963-2013
740 0 _aLe grand changement : la transformation sociale et économique de la Republique Dominicaine, 1963-2013
910 _aYLockward
942 _2ddc
_cLBS1
999 _c55955
_d55955